000 00265nam a2200109Ia 4500
008 220204s9999 xx 000 0 und d
082 _a82-7
_bPAT
100 _aPathak, S M
245 0 _aGo easy on laughs
260 _aNew Delhi
_bIndia Paperbacks
_c1977
942 _cBK
999 _c29088
_d29088